| 000 | 00720nam a2200241 i 4500 | ||
|---|---|---|---|
| 001 | bg | ||
| 100 | 1 |
_aZgirski, Alojzy _d(1935- ). |
|
| 245 | 1 | 0 |
_aObliczenia biochemiczne / _cAlojzy Zgirski, Roman Gondko. |
| 260 |
_aWarszawa : _bWydawnictwo Naukowe PWN, _c1998. |
||
| 300 |
_a478 s. : _bwykr. ; _c24 cm. |
||
| 504 | _aBibliogr. - Indeks. | ||
| 650 | 9 | _aBiochemia | |
| 655 | _aPodręczniki akademickie | ||
| 700 | 1 |
_aGondko, Roman _d(1938-1996). |
|
| 020 | _a8301126035 | ||
| 040 | _cBPK | ||
| 041 | 0 | _apol | |
| 080 | _a577.1(075.8) | ||
| 920 | _a83-01-12603-5 | ||
| 942 | _cKS | ||
| 008 | s pl f |000 0 pol | ||
| 999 |
_c52746 _d52746 |
||
| 856 |
_uhttp://koha.tu.koszalin.pl/cgi-bin/koha/opac-detail.pl?biblionumber=52746 _yKatalog online BPK |
||